Public places and private spaces : (Record no. 302)

MARC details
000 -LEADER
fixed length control field 00766cam a2200241 i 4500
005 - DATE AND TIME OF LATEST TRANSACTION
control field 20260322212014.0
008 - FIXED-LENGTH DATA ELEMENTS--GENERAL INFORMATION
fixed length control field data
010 ## - LIBRARY OF CONGRESS CONTROL NUMBER
LC control number 75036775
020 ## - INTERNATIONAL STANDARD BOOK NUMBER
International Standard Book Number 0465067768 :
Terms of availability {dollar}15.95
040 ## - CATALOGING SOURCE
Original cataloging agency DLC
Transcribing agency DLC
Modifying agency CtY
-- CtY
050 0# - LIBRARY OF CONGRESS CALL NUMBER
Classification number BF353
Item number .M4
090 ## - LOCALLY ASSIGNED LC-TYPE CALL NUMBER (OCLC); LOCAL CALL NUMBER (RLIN)
Classification number (OCLC) (R) ; Classification number, CALL (RLIN) (NR) BF 353 M474p 1976
001 - CONTROL NUMBER
control field data
100 1# - MAIN ENTRY--PERSONAL NAME
Personal name Mehrabian, Albert.
245 10 - TITLE STATEMENT
Title Public places and private spaces :
Remainder of title the psychology of work, play, and living environments /
Statement of responsibility, etc. Albert Mehrabian.
260 0# - PUBLICATION, DISTRIBUTION, ETC.
Place of publication, distribution, etc. New York :
Name of publisher, distributor, etc. Basic Books,
Date of publication, distribution, etc. c1976.
300 ## - PHYSICAL DESCRIPTION
Extent xiii, 354 p. :
Other physical details ill. ;
Dimensions 24 cm.
500 ## - GENERAL NOTE
General note Includes index.
504 ## - BIBLIOGRAPHY, ETC. NOTE
Bibliography, etc. note Bibliography: p. 337-348.
590 ## - LOCAL NOTE (RLIN)
Local note Includes index. Bibliography: p. 337-348
650 #0 - SUBJECT ADDED ENTRY--TOPICAL TERM
Topical term or geographic name entry element Environmental psychology.
650 #0 - SUBJECT ADDED ENTRY--TOPICAL TERM
Topical term or geographic name entry element Architecture
General subdivision Psychological aspects.
Holdings
Withdrawn status Lost status Damaged status Not for loan Home library Current library Shelving location Date acquired Total checkouts Full call number Barcode Date last seen Price effective from Koha item type
        Centerville Centerville General stacks 22/03/2026   BF353 .M4 BC0010311 22/03/2026 22/03/2026 Books